Countries of South America Speedrun. - Statistics

General Stats
  • This quiz has been taken 49 times
  • The average score is 10 of 12
Answer Stats
Answer % Correct
Brazil
96%
Colombia
88%
Argentina
84%
Chile
84%
Ecuador
80%
Guyana
80%
Paraguay
80%
Suriname
80%
Bolivia
76%
Peru
76%
Uruguay
76%
Venezuela
76%
No matching quizzes found
Score Distribution
Percent of People with Each Score
Percentile by Number Answered
Your Score History
You have not taken this quiz